000 00782nam a2200229 a 4500
001 000028205
005 20250430073846.0
008 110407s2010 dr 001 0 spa d
020 _a9789945163810
040 _aDO-SdBNP
_bspa
_cBNPHU
082 _a158.1
_bP762r, 2010
245 0 0 _aPolaris :
_breflexiones sobre temas humanos.
260 _aSanto Domingo :
_bEdiciomes Polaris,
_c2010.
300 _a109 p. ;
_c21 cm.
500 _aTemas reproducidos del "Blog" www.relexionesdesdepolaris.blogspot.com
590 _aInventariado, 2018/MFF
650 4 _aTécnicas de autoayuda
_9387
650 4 _aReflexiones (filosofía)
_95464
650 0 _aAutorrealización (Psicología)
_9211
650 4 _aAutopercepción (filosofía)
_97168
910 _aValidado. Control de calidad EMS
999 _c27697
_d27697